000 01326cam a2200397 a 4500
001 9064
003 FISKH
005 20251118141613.0
008 051028s2006 gaua b 000 0 eng
010 _a 2005057022
020 _a9780874837995
020 _a9780874837995
020 _a0874837995
035 _a14162700
035 _a(DLC)2005057022
035 _a(DLC)309
040 _aDLC
_cDLC
_dDLC
_beng
050 0 0 _aPZ8.1.C5912
_bHow 2006
082 0 0 _a398.209597/04529756
_aE
_222
100 1 _aCleveland, Rob,
_d1955-
245 1 0 _aHow Tiger got his stripes :
_ba folktale from Vietnam /
_cas told by Rob Cleveland ; illustrated by Baird Hoffmire.
260 _aAtlanta, Ga. :
_bAugust House Story Cove,
_c2006.
300 _a32 pages :
_bcolor illustrations ;
_c21 cm
505 _aJ
520 _aHoping to acquire wisdom from man, Tiger ends up instead with stripes on his golden coat.
521 8 _a460
_bLexile
521 8 _aJ
_bRaz-Plus
650 1 _aFolklore
_zVietnam.
650 1 _aTigers
_vFolklore.
650 1 _aBig cats
_vFolklore.
655 7 _aFolk literature.
_2lcgft
_0https://id.loc.gov/authorities/genreForms/gf2014026342
700 1 _aHoffmire, Baird,
_d1969-
_eillustrator
906 _a7
_bcbc
_corignew
_d1
_eocip
_f20
_gy-gencatlg
942 _2ddc
_cBK
_n0
999 _c9064
_d9064